Globálna kríza a jej systémové implikácie inauguračná prednáška

Na minha lista:
Detalhes bibliográficos
Autor principal: Staněk, Peter
Autor Corporativo: Ekonomická univerzita v Bratislave. Národohospodárska fakulta
Outros Autores: Rievajová, Eva, Sivák, Rudolf, 1955-
Formato: Livro
Idioma:eslovaco
Publicado em: Bratislava 2012
Colecção:Habilitačné a inauguračné prednášky
Assuntos:
Tags: Adicionar Tag
Sem tags, seja o primeiro a adicionar uma tag!

MARC

LEADER 00000nam$a2200000$$$4500
001 0147339
005 20221103101638.1
020 |a 978-80-225-3378-2 
041 0 |a slo 
044 |a SK 
245 1 0 |a Globálna kríza a jej systémové implikácie  |b inauguračná prednáška  |c Peter Staněk 
264 1 |a Bratislava  |c 2012 
300 |a 100 s. [5 AH] 
490 1 |a Habilitačné a inauguračné prednášky 
830 0 |a Habilitačné a inauguračné prednášky 
610 2 0 |a kríza 
610 2 0 |a kríza hospodárska 
610 2 0 |a kríza banková 
610 2 0 |a kríza finančná 
610 2 0 |a globalizácia 
100 1 |a Staněk, Peter 
700 1 |a Rievajová, Eva 
700 1 |a Sivák, Rudolf, 1955- 
710 2 |a Ekonomická univerzita v Bratislave. Národohospodárska fakulta